000 01039cab a2200217 4500
001 ##L136530
008 070206n2007 000 0 eng u
035 _a(Sirsi) u136530
041 0 _aeng
100 1 _aGrundon, Tim
245 0 0 _aSalaries and sex
260 _c2007
490 0 _aProject
_v19(6) December/January 2007, 28-29(2)
520 _aProvides key findings from the APM survey of project management, in particular the effects that sex, age and role have on salaries. Reveals that nearly two thirds of project managers under the age of 40 are women, but the highest earners are generally men in the private sector working in London, the Thames Valley region and southeast England. Charts show salary distribution (male/female), job title comparison (male/female) and salary distribution (public/private).
590 _aKA
650 2 4 _aAPM SURVEY OF PROJECT MANAGEMENT
651 4 _aUnited Kingdom
_y
690 _aProject management
_96261
690 _aCAREERS, EDUCATION AND TRAINING-RAISING THE RATIO
942 _n0
999 _c78332
_d78332